Jóvenes: III evaluación del conocimiento. La Investigación sobre juventud en México 1986-1999 /
Guardado en:
| Hovedforfatter: | |
|---|---|
| Autores Corporativos: | , |
| Format: | Texto |
| Udgivet: |
México, D.F.:
IMJ
|
| Fag: | |
| Tags: |
Tilføj Tag
Ingen Tags, Vær først til at tagge denne postø!
|
MARC
| LEADER | 00000 a a2200000 04500 | ||
|---|---|---|---|
| 001 | 26754 | ||
| 003 | |||
| 040 | |||
| 020 | |a 968-5224-03-X | ||
| 090 | |a 149609 | ||
| 100 | |a Pérez Islas, José Antonio | ||
| 110 | |a Instituto Mexicano de la Juventud | ||
| 245 | |a Jóvenes: III evaluación del conocimiento. La Investigación sobre juventud en México 1986-1999 / |c Instituto Mexicano de la Juventud | ||
| 260 | |a México, D.F.: |b IMJ | ||
| 300 | |a 634 p. en II tomos | ||
| 650 | |a JUVENTUD | ||
| 650 | |a SISTEMAS DE VALORES | ||
| 650 | |a RELIGION | ||
| 650 | |a METODOLOGIA | ||
| 650 | |a EDUCACION | ||
| 710 | |a Centro de Investigación y Estudios sobre Juventud | ||
| 999 | |c 10580 |d 10580 | ||



